000 00368cam a22001097a 4500
008 180718b1956 xxu||||| |||| 00| 0 eng d
082 _aA45:U61 RT/BOMB 1955-56
245 _aAdministration report of the Bombay state road transport corporation
_cby Government of Bombay
260 _aBombay
_bGovernment of Bombay
_c1956
300 _a47p.
700 _aGovernment of Bombay
999 _c503714
_d503714